Регионална библиотека "Любен Каравелов" - Русе

Информационни технологии V клас (Запис номер 333290)

MARC детайли
000 -Лидер
Контролно поле с фиксирана дължина nam a22 a 4500
003 - Код на организацията, давaща контролен номер
Контролно поле BLK
005 - Дата и час на последна редакция
Контролно поле 20210917130934.0
008 - Елементи от данни с фиксирана дължина
fixed length control field 190729b bu |||||r|||| 00| 0 bu d
020 ## - Международен стандартен номер на книга ISBN
Международен стандартен номер на книга ISBN 9789548933773
040 ## - Източник на каталожния запис
Идентификатор на билиотеката - собственик на записа BLK
041 ## - Код за език
Код за езика на текст/звукозапис или на отделно заглавие Български
Код за езика КДБФ Български
072 ## - Код за тематичната категория
9 (RLIN) 178260
Код за тематична категория Н372
Текст Учебни предмети. Учебници Н
080 ## - УДК
Текстов определител УДК Информатика в основното училище
УДК код - определител по УДК 372.868.13
УДК определител (075.2)
УДК - код + определител 372.868.13(075.2)
100 ## - Редна дума - Автор
Автор Иванов, Ивайло
Авторска отговорност първи автор
R(LIN) 1299
139 ## - Редно поле
Редна дума Иванов, Ивайло
Авторски знак Иванов - И 21
245 ## - Сведения за заглавието
Заглавие Информационни технологии V клас
Редно поле (дума) Ивайло Иванов, Людмила Попова, Пламен Петров
250 ## - Област на изданието
Сведения за изданието Трето издание
257 ## - Страна на издаване
Страна на създаване/издаване България
260 ## - Област на издателските данни
9 (RLIN) 210151
Име на издателя, разпространителя и проч. Нова звезда
Година на издаване 2014
300 ## - Физическа характеристика
Страници 60 с.
Илюстрации и др. с цв. ил.
Размери/Мащаб 29 с
380 ## - Жанр
Жанр Детска отраслова лит.
650 #0 - Допълнително описание по предмет – тема
9 (RLIN) 298936
Основно описание – тема или топоним Информационни технологии - учебници за основни училища
653 #7 - Ключова дума – ненормативна
9 (RLIN) 187779
Ключова дума информатика
653 #7 - Ключова дума – ненормативна
9 (RLIN) 199109
Ключова дума учебници за основни училища
653 #7 - Ключова дума – ненормативна
9 (RLIN) 180168
Ключова дума V кл.
700 ## - Други автори (авторска отговорност)
9 (RLIN) 296668
Лично име Попова, Людмила
Автороска отговорност (Описва отношението между автора и произведението) съавт.
700 ## - Други автори (авторска отговорност)
9 (RLIN) 365416
Лично име Петров, Пламен
Автороска отговорност (Описва отношението между автора и произведението) съавт.
999 ## - СИСТЕМНИ КОНТРОЛНИ НОМЕРА
Koha biblionumber 333290
Koha biblioitemnumber 333290
942 ## - АРТИКУЛИ
Вид на библиотечния материал Книги
Скрит в OPAC Не
Периодичен библиозапис Да
Koha issues (borrowed), all copies 1
944 ## - СЪЗДАВАНЕ И РЕДАКЦИЯ на ЗАПИСА
Създаване/Редакция Създаване
Дата на регистрацията/редакция 2019-07-29
Служител, извършил регистрацията/редакцията Микаела Микова - Илиева
Статус, дата на статуса 2019-07-29
999 ## - СИСТЕМНИ КОНТРОЛНИ НОМЕРА
Koha biblioitemnumber 333290
Наличности
Код за отписване Код за изгубен артикул Източник на класификационната схема Код за повреда Коз за рестрикции Код за отдаване Артикулен № Име на библиотеката - собственик Име на библиотеката, в която се намира в момента Статус (Текущо местоположение) Дата на вписване в системата Местоположение - отдел Цена в лева Инвентарен номер Систематично азбучна сигнатура Баркод Цена в евро Служебен тип на артикула
  Не е изгубен Universal Decimal Classification Не е повреден без рестрикции заемане за дома 731352 Регионална библиотека "Любен Каравелов" Русе Регионална библиотека "Любен Каравелов" Русе Детски отдел 2019-07-31 Детски отдел 7.90 120000835390 ДН 373.3.016/ И21 120000835390 4.04 Книги
Vip Innovations Ltd, Rousse, Bulgaria 2025